Normal view MARC view
  • ABD,E.FATHI

Entry Personal Name

Number of records used in: 1

001 - CONTROL NUMBER

  • control field: 110474

003 - CONTROL NUMBER IDENTIFIER

  • control field: NUST

005 - DATE AND TIME OF LATEST TRANSACTION

  • control field: 20230316162318.0

008 - FIXED-LENGTH DATA ELEMENTS

  • fixed length control field: 230316|| aca||aabn | a|a d

040 ## - CATALOGING SOURCE

  • Original cataloging agency: NUST
  • Transcribing agency: NUST

100 ## - HEADING--PERSONAL NAME

  • Personal name: ABD,E.FATHI

670 ## - SOURCE DATA FOUND

  • Source citation: Work cat.: (NUST): ABD,E.FATHI., IMAGE ENCRYPTION A COMMUNICATION PERSPECTIVE /, 2014.
© 2023 Central Library, National University of Sciences and Technology. All Rights Reserved.